000 00293nam a22000977a 4500
008 220214b ||||| |||| 00| 0 eng d
100 _aDeutsche Post
245 _aDeutschland im Spiegel der Briefmarke
260 _aBonn, Germany
_bDeutsche Post AG
_c2002
650 _aGermany| Stamps 2002| new issues
999 _c3323
_d3323